000 00756nam a2200229Ia 4500
003 0100
008 130307s9999 xx 000 0 und d
020 _a0521826071
040 _cARRUPELIB
050 _aBT103.S63 2003
100 _aSobel, Jordan Howard
245 _aLogic and theism
245 _barguments for and against beliefs in God
260 _aCambridge ;New York :
260 _bCambridge University Press
260 _c2004.
300 _axix
300 _b652 p. 24 cm.
650 _bPentecostalism--Addresses, essays, lectures
856 _uhttp://www.loc.gov/catdir/toc/cam051/2002034954.html http://www.loc.gov/catdir/description/cam051/2002034954.html http://www.loc.gov/catdir/samples/cam041/2002034954.html
942 0 0 _01
999 _c99671
_d99671